Who Said It? Brooklyn Nine-Nine Quiz Stats

 Plays Quiz Updated Aug 4, 2018

Challenge
Share
Tweet
Score 0/7 Timer 01:30
17 Plays Today
% Correct
''Oh my God, it's real
life Die Hard! I mean...
'Oh no, crime.'''
-Jake Peralta
95.2%
''Preparing food for one's
lover is the most intimate
gift of all. Aside from
washing their hair.''
-Charles Boyle
90.1%
''I've only said I love
you to three people. My
mom, my dad and
my dying grandpa. And
one of those I regret.''
-Rosa Diaz
86.9%
''I was thinking how I
would make the perfect
American president, based
upon my skill set, dance
ability and bloodlust.''
-Gina Linetti
86.7%
''And if I may do a
third toast... it'll be
focused primarily
on the mango yogurt.''
-Terry Jeffords
82.4%
''I wish I could go back
to middle school knowing
what I know now.
I'd be so cool.''
-Amy Santiago
78.8%
''Nutrition bricks. I have
original no flavor, and
whole wheat no flavor.''
-Raymond Holt
75%

You're not logged in!

Compare scores with friends on all Sporcle quizzes.
Join for Free
OR
Log In

You Might Also Like...

Show Comments

Extras

Top Quizzes Today


Score Distribution

Your Account Isn't Verified!

In order to create a playlist on Sporcle, you need to verify the email address you used during registration. Go to your Sporcle Settings to finish the process.

Report this User

Report this user for behavior that violates our Community Guidelines.

Details: